Rappeur français avec un titre 2 - Statistiques

Statistiques générales
  • Ce quiz a été pris 1 792 fois
  • Le résultat moyen est 7 sur 15
Statistiques - réponses
Titre Rappeur % Correct
Onizuka PNL
94%
Papers Zola
91%
Arret du coeur (ft Kalash criminel) Kaaris
82%
Nocif (ft Damso) Hamza
81%
Freestyle du sale Lorenzo
78%
Mamacita Ninho
75%
Petite fille Booba
67%
Vitrine (ft Damso) Vald
66%
Poupée russe Lujipeka
32%
Soleil Romeo Elvis
29%
Borderline Columbine
21%
Bae (ft Hamza) Caballero et JeanJass
12%
Toute Epreuve Leto
4%
JAD 47 Ter
3%
Leon L'or du commun
1%
Aucun quiz correspondant
Distribution des résultats
% des personnes avec chaque résultat
Percentile par nombre de réponses
Votre historique - résultats
Vous n’avez pas pris ce quiz